[Event "Valoz Cup"]
[Site "Olomouc CZE"]
[Date "2004.07.08"]
[Round "6"]
[White "Pel,B"]
[Black "Priborsky,I"]
[Result "1/2-1/2"]
[WhiteElo "2278"]
[BlackElo "2205"]

1.Nc3 g6 2.d4 Bg7 3.e4 d6 4.Be3 a6 5.Qd2 b5 6.a4 b4 7.Nd1 a5 8.c3 Nf6 9.f3 O-O
10.cxb4 axb4 11.Qxb4 c5 12.dxc5 dxc5 13.Bxc5 Na6 14.Bxa6 Bxa6 15.Ne2 Rb8
16.Qa3 Nd7 17.Bxe7 Qb6 18.Qe3 Qxe3 19.Nxe3 Rxb2 20.Nf4 Bc3+ 21.Kd1 Rd2+ 22.Kc1 Rc8
23.Ned5 Rxd5 24.Nxd5 Bxa1+ 25.Kd2 Bg7 26.Bd6 Bh6+ 27.f4 Bf8 28.Bxf8 Kxf8
29.Ke3 Rc4 30.a5 Nc5 31.Nf6 Bb7 32.e5 Bxg2 33.Rb1 Na6 34.Rb6 Rc6 35.Rxc6 Bxc6
36.Nxh7+ Ke7 37.Nf6 Bb7 38.h4 Nb4 39.h5 gxh5 40.Nxh5 Nc6 41.Ng7 Nxa5 42.Nf5+ Ke6
43.Nh6 Bg2 44.f5+ Kxe5 45.Nxf7+ Kxf5 46.Nd6+ Ke5 47.Nb5 Nc6 48.Nc3 Nd4 49.Kf2 Bc6
50.Ke3 Nf5+ 51.Kd3 Bb7 52.Kc4 Nd4 53.Kc5 Bg2 54.Kc4 Ne6 55.Kd3 Bf1+ 56.Ke3 Nd4
57.Kf2 Ba6 58.Ke3 Nf5+ 59.Kf2 Bb7 60.Ke2 Kd4 61.Kd2 Ba6 62.Ne2+ Kc4 63.Nf4 Bb7
64.Ne2 Be4 65.Nc3 Bd3 66.Ne2 Bxe2  1/2-1/2

[Event "TCh-GRE"]
[Site "Aghia Pelagia GRE"]
[Date "2004.07.09"]
[Round "7"]
[White "Skembris,S"]
[Black "Panagopoulos,N"]
[Result "1-0"]
[WhiteElo "2434"]
[BlackElo "2306"]

1.d4 d6 2.e4 g6 3.Nc3 Bg7 4.Be3 a6 5.a4 Nc6 6.h3 e5 7.Nf3 exd4 8.Nxd4 Nf6
9.g3 O-O 10.Bg2 Rb8 11.O-O Re8 12.Re1 Nxd4 13.Bxd4 c5 14.Be3 b5 15.axb5 axb5
16.Bf4 Rb6 17.Ra8 Nh5 18.Bc1 Bxc3 19.bxc3 Qf6 20.Bd2 Bd7 21.Qa1 Rbb8 22.Rxb8 Rxb8
23.Qa7 Qd8 24.e5 dxe5 25.Rxe5 Be6 26.Rxc5 Rc8 27.Rxc8 Qxc8 28.g4 Ng7 29.Qd4 Bc4
30.Bh6 Ne6 31.Qd6 Qd8 32.Qc6 f6 33.Bf1 Kf7 34.Bxc4 bxc4 35.Be3 Qc7 36.Qd5 Qc8
37.Kg2 Kg7 38.f4 Qg8 39.Qxc4 g5 40.fxg5 fxg5 41.Qe4 Qf7 42.c4 Qg6 43.Kf3 Qf7+
44.Ke2 Nf4+ 45.Bxf4 gxf4 46.Qe5+ Kf8 47.Qf5  1-0

[Event "22nd Open"]
[Site "Andorra la Vella AND"]
[Date "2004.07.10"]
[Round "8"]
[White "Lemmers,O"]
[Black "Gurevich,M"]
[Result "1/2-1/2"]
[WhiteElo "2396"]
[BlackElo "2667"]

1.e4 d6 2.Nc3 g6 3.d4 Bg7 4.f4 Nf6 5.Nf3 c5 6.Bb5+ Bd7 7.e5 Ng4 8.e6 Bxb5
9.exf7+ Kd7 10.Nxb5 Qa5+ 11.Nc3 cxd4 12.Nxd4 Bxd4 13.Qxd4 Nc6 14.Qc4 Qb6
15.Qe2 h5 16.Bd2 Nd4 17.Qd3 Nf5 18.Ne4 Rac8 19.O-O-O Nge3 20.Bxe3 Nxe3 21.c3 Nxd1
22.Rxd1 Rhf8 23.Ng5 Qa5 24.Qxg6 Qxa2 25.Qe4 Qc4 26.Qxb7+ Rc7 27.Qf3 Qa2 28.Rd2 Rb8
29.Rc2 Rcc8 30.Qh3+ e6 31.Nh7 Qa1+ 32.Kd2 Qa5 33.Qd3 Ke7 34.Qg6 Qd5+ 35.Kc1 Qc5
36.Rd2 Qg1+ 37.Kc2 Rxc3+ 38.Kxc3 Rc8+ 39.Kb3 Qb6+ 40.Ka2 Qa6+ 41.Kb1 Qf1+
42.Ka2 Qa6+ 43.Kb1 Qf1+  1/2-1/2

[Event "GM"]
[Site "Brno CZE"]
[Date "2004.07.10"]
[Round "10"]
[White "Lagowski,P"]
[Black "Mista,A"]
[Result "1/2-1/2"]
[WhiteElo "2415"]
[BlackElo "2443"]

1.d4 g6 2.e4 Bg7 3.Nc3 d6 4.Be3 c6 5.Qd2 b5 6.a3 a6 7.h4 h5 8.g3 Nd7 9.Nge2 Ngf6
10.Bg2 Qc7 11.Bg5 e5 12.Rd1  1/2-1/2

[Event "FSGM July"]
[Site "Budapest HUN"]
[Date "2004.07.10"]
[Round "8"]
[White "Nguyen Ngoc Truongson"]
[Black "Lorscheid,G"]
[Result "1-0"]
[WhiteElo "2431"]
[BlackElo "2272"]

1.d4 g6 2.e4 d6 3.Nc3 Bg7 4.Be3 a6 5.Qd2 b5 6.f3 c6 7.a4 Bb7 8.axb5 axb5
9.Rxa8 Bxa8 10.Bd3 Qa5 11.Nge2 b4 12.Nd1 Nd7 13.O-O Ngf6 14.b3 O-O 15.Nb2 c5
16.Nc4 Qa7 17.dxc5 dxc5 18.Qxb4 Ne8 19.Qa3 Qc7  1-0

[Event "Valoz Cup"]
[Site "Olomouc CZE"]
[Date "2004.07.10"]
[Round "9"]
[White "Priborsky,I"]
[Black "Maryasin,B"]
[Result "0-1"]
[WhiteElo "2205"]
[BlackElo "2394"]

1.e4 g6 2.d4 d6 3.Nc3 Bg7 4.Nf3 a6 5.a4 b6 6.Bd3 c5 7.d5 Nf6 8.O-O O-O 9.h3 e5
10.dxe6 Bxe6 11.Bf4 Nc6 12.Ng5 Nd4 13.Ne2 Nh5 14.Bc1 d5 15.Nxd4 Bxd4 16.c3 Bg7
17.Be2 Nf6 18.Nxe6 fxe6 19.exd5 exd5 20.Bf3 Ra7 21.Bg5 d4 22.cxd4 cxd4 23.Qd3 Qd6
24.Rac1 Nd7 25.Rc6 Qb4 26.Rc4 Qxb2 27.Bc1 Ne5 28.Bxb2 Nxd3 29.Bxd4 Bxd4 30.Rxd4 Nc5
31.Rb1 Rf6 32.Rdb4 a5 33.Rd4 Rd7 34.Rxd7 Nxd7 35.Be2 Nc5 36.Bd1 Kf8 37.f3 Rd6
38.Kf2 Ke7 39.Ke3 Kd7 40.Bc2 Kc7 41.Ra1 h6 42.h4 Re6+ 43.Be4 g5 44.hxg5 hxg5
45.Ra3 Rh6 46.Kf2 Rh4 47.Ke3 Rh1 48.Bf5 Kd6 49.g3 Re1+ 50.Kf2 Rc1 51.Bd3 Kd5
52.Bb5 Kd4 53.Kg2 Ke5 54.Kh3 Kf5 55.Bd3+ Kf6 56.Kg4 Rd1 57.Bb5 Rd4+ 58.f4 gxf4
59.gxf4 Rb4 60.Ra2 Ne6 61.Rf2 Nd4 62.Rh2 Nxb5 63.axb5 Rxb5 64.Rh8 a4 65.Rh3 Rb3
66.Rh6+ Kg7 67.Rh2 a3 68.f5 b5 69.Kg5 Rg3+ 70.Kf4 Rc3 71.Kg5 b4 72.f6+ Kf7
73.Rh7+ Ke6 74.Re7+ Kd6 75.Re4 a2 76.f7 Rf3  0-1

[Event "Proclient Cup"]
[Site "Olomouc CZE"]
[Date "2004.07.10"]
[Round "9"]
[White "Kennaugh,C"]
[Black "Kanovsky,D"]
[Result "0-1"]
[WhiteElo "2287"]
[BlackElo "2286"]

1.e4 g6 2.Nc3 Bg7 3.d4 d6 4.Be3 c6 5.a4 Qc7 6.h3 Nd7 7.Nge2 Ngf6 8.g4 e5
9.Bg2 O-O 10.O-O d5 11.exd5 Nxd5 12.Nxd5 cxd5 13.dxe5 Nxe5 14.Bd4 Re8 15.Nc3 Qc4
16.Kh1 Nc6 17.Bxg7 Kxg7 18.Nxd5 Be6 19.b3 Qc5 20.Nc7 Red8 21.Qf3 Nd4 22.Qxb7 Rac8
23.Nxe6+ Nxe6 24.Rac1 Rc7 25.Qb5 Qc3 26.Qe2 Rd2 27.Qf3 Qxf3 28.Bxf3 Rcxc2
29.Rxc2 Rxc2 30.Bd5 Nf4 31.Bc4 Nxh3 32.Kg2 Ng5 33.Rd1 Ne4 34.Rd7 Rxf2+ 35.Kg1 a5
36.Ra7 Rf4 37.Rxa5 Rxg4+ 38.Kh1 Nd2 39.Bd5 f5 40.Ra7+ Kh6 41.a5 f4 42.Rf7 Rg5
43.Be6 Nf3  0-1

[Event "Glassy Stream Open"]
[Site "Kharkov UKR"]
[Date "2004.07.11"]
[Round "4"]
[White "Vedmediuc,S"]
[Black "Onoprienko,V"]
[Result "1-0"]
[WhiteElo "2278"]
[BlackElo "2374"]

1.e4 g6 2.d4 Bg7 3.Nc3 d6 4.f4 Nf6 5.Nf3 O-O 6.e5 Nfd7 7.h4 c5 8.h5 cxd4
9.Qxd4 dxe5 10.Qf2 e4 11.Ng5 Qa5 12.Bd2 Qc5 13.Qxc5 Nxc5 14.hxg6 hxg6 15.Nd5 Nc6
16.Bb5 e6 17.Bxc6 exd5 18.Bxd5 Be6 19.Bxe6 fxe6 20.O-O-O Rac8 21.Kb1 e5 22.fxe5 Bxe5
23.Be3 Na4 24.c3 Bf4 25.Rd6 Rc6 26.Bxf4 Rxf4 27.Rd8+ Kg7 28.g3 Rg4 29.Nh7 Nc5
30.b4 Na4 31.Rd7+ Kg8 32.Rf1  1-0

[Event "HUN-POL Women's Match"]
[Site "Szeged HUN"]
[Date "2004.07.11"]
[Round "6"]
[White "Lakos,N"]
[Black "Socko,M"]
[Result "0-1"]
[WhiteElo "2350"]
[BlackElo "2428"]

1.e4 g6 2.d4 d6 3.Nc3 Bg7 4.f4 Nf6 5.Nf3 O-O 6.Bd3 Na6 7.O-O c5 8.d5 Rb8
9.Kh1 Bg4 10.a3 Nc7 11.Qe1 Bxf3 12.Rxf3 e6 13.dxe6 fxe6 14.f5 Nd7 15.fxg6 hxg6
16.Rg3 Ne5 17.Bg5 Bf6 18.Qe3 Bxg5 19.Rxg5 Qf6 20.Kg1 Qf4 21.Qxf4 Rxf4 22.Rd1 Kg7
23.Be2 Kh6 24.Rg3 Rd8 25.Re3 Kg7 26.Na2 b6 27.Nc1 Rff8 28.h3 Rfe8 29.b4 c4
30.Bf1 d5 31.exd5 exd5 32.Ne2 Nc6 33.Rxe8 Rxe8 34.Nd4 Nxd4 35.Rxd4 Re1 36.Kf2 Rc1
37.Rd2 c3 38.Re2 Kf6 39.g4 Ne6 40.h4 Nd4 41.Re8 Rxc2+ 42.Ke3 Rd2 43.Bd3 Ne6
44.Rc8 Rh2 45.Kf3 Rh3+  0-1

[Event "15th Open"]
[Site "Ljubjana SLO"]
[Date "2004.07.12"]
[Round "4"]
[White "Kokol,P"]
[Black "Navinsek,T"]
[Result "1/2-1/2"]
[WhiteElo "2091"]
[BlackElo "2344"]

1.e4 g6 2.d4 Bg7 3.Nc3 d6 4.Be3 c6 5.a4 Nf6 6.f3 Nbd7 7.Bc4 O-O 8.Qd2 Qa5
9.Ba2 Nb6 10.Nge2 e5 11.O-O Be6 12.d5 cxd5 13.b4 Qxb4 14.Rfb1 Qa5 15.Rb5 Qa6
16.Nxd5 Bxd5 17.exd5 Qxa4 18.Nc3 Qh4 19.Ne2 Nh5 20.Bg5 Qa4 21.Nc3 Qd4+ 22.Qxd4 exd4
23.Ne4 d3 24.c3 Rfc8 25.g4 h6 26.Bd2 Nf6 27.Nxd6 Rc7 28.Nxf7 Rxf7 29.d6 Nfd7
30.Re1 Rc8 31.Re7 Rc4 32.Rb4 Rxb4 33.Bxf7+ Kf8 34.cxb4 Ne5 35.Bc3 Nxf3+ 36.Kf2 Bxc3
37.Kxf3 Bxb4 38.Bxg6 Bxd6 39.Rf7+ Kg8 40.h4 Nc4 41.Ke4 d2 42.Rf1 Nb2 43.Bf7+ Kg7
44.Bb3 Bg3 45.Ke3 Bxh4 46.Kxd2 Bf6 47.Kc2 b5 48.Rxf6  1/2-1/2

[Event "HUN-POL Women's Match"]
[Site "Szeged HUN"]
[Date "2004.07.13"]
[Round "8"]
[White "Lakos,N"]
[Black "Zielinska,Mar"]
[Result "1/2-1/2"]
[WhiteElo "2350"]
[BlackElo "2402"]

1.e4 g6 2.d4 Bg7 3.Nc3 d6 4.f4 e6 5.Nf3 Ne7 6.Be3 Nd7 7.Qd2 b6 8.Bd3 Bb7
9.O-O-O Nf6 10.Qe2 Qd7 11.h3 O-O-O 12.g4 Kb8 13.Rhg1 Rde8 14.Kb1 Rhf8 15.Qf2 Qc8
16.Bc1 Bc6 17.a3 Qb7 18.Qe2 Nd7 19.Qf2 Nf6 20.Nd2 Qc8 21.Nf3 Qb7 22.Nd2 Qc8
23.Nf3 Qb7 24.Nd2 Qc8  1/2-1/2

[Event "Open"]
[Site "Condom FRA"]
[Date "2004.07.14"]
[Round "6"]
[White "Lejarre,L"]
[Black "Alard,P"]
[Result "1-0"]
[WhiteElo "2303"]
[BlackElo "1994"]

1.e4 g6 2.d4 Bg7 3.Nc3 d6 4.Nf3 a6 5.Bd3 Nd7 6.Bg5 b5 7.Qe2 Bb7 8.a4 b4 9.Nd5 a5
10.c3 c6 11.Ne3 bxc3 12.bxc3 c5 13.O-O Ngf6 14.Nc4 O-O 15.d5 Qc7 16.Na3 Rac8
17.Nb5 Qb8 18.Rab1 Qa8 19.c4 Kh8 20.Nd2 h6 21.Bh4 g5 22.Bg3 Ng4  1-0

[Event "111th ch-SCO"]
[Site "Hamilton SCO"]
[Date "2004.07.17"]
[Round "8"]
[White "Pritchett,C"]
[Black "McNab,C"]
[Result "1/2-1/2"]
[WhiteElo "2284"]
[BlackElo "2427"]

1.e4 g6 2.d4 d6 3.Nc3 Bg7 4.Be3 Nf6 5.Qd2 c6 6.Nf3 Qa5 7.h3 Nbd7 8.Bd3 O-O
9.O-O e5 10.Rfe1 Qc7 11.a4 b6 12.Bh6 a6 13.Qg5 Re8 14.Ne2 Nf8 15.Bxg7 Kxg7
16.dxe5 dxe5 17.Ng3 h6 18.Qd2 Ne6 19.Qc3 Nf4 20.Bf1 Bd7 21.Re3 c5 22.b4 Qd6
23.bxc5 bxc5 24.Ne2 Nxe2+ 25.Bxe2 Rab8 26.Rd1 Qe7 27.Bxa6 Bxa4 28.Bc4 Rb4
29.Rde1 Nd7 30.Nd2 Nb6 31.Bb3 Rd8 32.Nc4 Nxc4  1/2-1/2

[Event "XIII Open"]
[Site "Castellar del Valles ESP"]
[Date "2004.07.18"]
[Round "5"]
[White "Ferron Garcia,C"]
[Black "Pablo Marin,A"]
[Result "1/2-1/2"]
[WhiteElo "2314"]
[BlackElo "2404"]

1.e4 g6 2.d4 Bg7 3.Nc3 d6 4.Nge2 a6 5.Be3 b5 6.Qd2 Bb7 7.f3 Nd7 8.g4 c5 9.Ng3 Qc7
10.Be2 Nb6 11.Nd1 cxd4 12.Bxd4 Bxd4 13.Qxd4 e5 14.Qc3 Rc8 15.Qxc7 Rxc7 16.Ne3 Ne7
17.O-O-O d5 18.exd5 Nexd5 19.Nxd5 Nxd5 20.Rhe1 Nf4 21.Bf1 Bxf3 22.Rxe5+ Re7
23.Bxb5+ axb5 24.Rxe7+ Kxe7 25.Rf1 Nd3+ 26.cxd3 Bxg4 27.Kd2 Be6 28.a3 Rd8
29.Rc1 h5 30.Ne4 Bc4 31.Rc3 h4 32.Ke3 Be6 33.Rc5 f5 34.Nc3 f4+ 35.Kxf4 Rxd3
36.Rxb5 Rd2 37.Ke5 Rxh2 38.Rb7+ Bd7 39.Nd5+ Kd8 40.Kd6 Bf5 41.a4 h3 42.a5 Re2
43.Nf4 Rd2+ 44.Ke5 h2 45.Rh7 Rxb2 46.a6 Ra2 47.a7 Rxa7  1/2-1/2

[Event "XIII Open"]
[Site "Castellar del Valles ESP"]
[Date "2004.07.18"]
[Round "5"]
[White "Sanahuja Palomo,A"]
[Black "Sanpera Bonet,J"]
[Result "0-1"]
[WhiteElo "2054"]
[BlackElo "2184"]

1.e4 d6 2.d4 g6 3.Nc3 Bg7 4.Bc4 a6 5.Bb3 Nc6 6.Be3 Na5 7.Nf3 Nf6 8.e5 Ng4
9.Bxf7+ Kxf7 10.Ng5+ Kg8 11.Qf3 Qf8 12.Qd5+ e6 13.Qxa5 b6 14.Qa4 dxe5 15.Qc6 exd4
16.Qxa8 dxe3 17.O-O-O exf2 18.Rhf1 h6 19.h3 Qf4+ 20.Kb1 Qxg5 21.hxg4 Kh7
22.Ne4 Qb5 23.c3 Bd7 24.Qb7 Bc6 25.Nf6+ Bxf6 26.Qxc7+ Bg7 27.Rxf2 Qa4 28.Rd4 Qb5
29.Rf7 Rg8 30.a4 Qc5 31.g5 h5 32.Rd6 Be4+ 33.Ka2 Qxc7 34.Rxc7 Bxg2 35.Rxb6 Re8
36.Rxa6 h4 37.Raa7 Rg8 38.b3 e5 39.Rc4 e4 40.Re7 h3 41.Rcxe4 Bxe4 42.Rxe4 Rh8
43.a5 h2 44.Rh4+ Kg8  0-1

[Event "Open"]
[Site "Balatonlelle HUN"]
[Date "2004.07.20"]
[Round "2"]
[White "Sax,G"]
[Black "Forgacs,J"]
[Result "1-0"]
[WhiteElo "2535"]
[BlackElo "2294"]

1.e4 g6 2.d4 Bg7 3.Nc3 d6 4.Nge2 a6 5.a4 b6 6.g3 Bb7 7.Bg2 e6 8.O-O Ne7 9.Be3 Nd7
10.Qd2 h6 11.f4 d5 12.f5 exf5 13.exf5 g5 14.Nc1 Nf6 15.Nd3 Ng4 16.Ne5 Bxe5
17.dxe5 Nxe3 18.Qxe3 d4 19.Qe2 Bxg2 20.Qxg2 dxc3 21.Rad1 Qc8 22.e6 f6 23.Rd7 h5
24.bxc3 h4 25.Rfd1 Rb8 26.Qe4 hxg3 27.hxg3 Kf8 28.Rxe7 Kxe7 29.Rd7+ Kf8 30.e7+ Ke8
31.Rd8+ Qxd8 32.exd8=Q+ Kxd8 33.Qe6 Rf8 34.c4 a5 35.Kf2 Rc8 36.Kf3 c6 37.Qd6+ Ke8
38.Kg4 Rh8 39.Qxf6 Rh1 40.Qe6+ Kd8 41.Qd6+ Ke8 42.f6 Rh7 43.Qe6+ Kd8 44.Qg8+  1-0

[Event "Open"]
[Site "Balatonlelle HUN"]
[Date "2004.07.20"]
[Round "2"]
[White "Berczes,C"]
[Black "Gyimesi,Z"]
[Result "1/2-1/2"]
[WhiteElo "2371"]
[BlackElo "2618"]

1.e4 g6 2.d4 Bg7 3.Nc3 d6 4.Be3 a6 5.a4 b6 6.Bc4 e6 7.Qd2 Bb7 8.d5 e5 9.Nge2 Nd7
10.O-O Ngf6 11.f3 Qe7 12.Na2 Nh5 13.Nb4 Nc5 14.g4 Nf4 15.Nxf4 exf4 16.Bxf4 Bxb2
17.Rae1 O-O 18.c3 Nxa4 19.Na2 Ba3 20.Kg2 b5 21.Bb3 Nc5 22.Bc2 f6 23.h4 a5
24.g5 b4 25.gxf6 Qxf6 26.Bg5 Qf7 27.cxb4 axb4 28.Nxb4 Bxb4 29.Qxb4 Ra2 30.Qb1 Ra3
31.Re3 Ra5 32.h5 Rfa8 33.f4 Ra2 34.Rf2 Ra1 35.Qb2 R8a2 36.Qd4 Rc1 37.Bd1 Raa1
38.Rd2 Qd7 39.Kh2 Qg7 40.Bf6 Qh6 41.Bg5 Qg7 42.Bf6 Qh6 43.Bg5 Qg7 44.Bf6  1/2-1/2

[Event "MTO"]
[Site "Biel SUI"]
[Date "2004.07.20"]
[Round "2"]
[White "Antognini,F"]
[Black "Fairbairn,S"]
[Result "1/2-1/2"]
[WhiteElo "2193"]
[BlackElo "2057"]

1.e4 g6 2.d4 d6 3.Nc3 Bg7 4.Nf3 a6 5.Be2 b5 6.a3 Nd7 7.O-O Bb7 8.Be3 c5 9.h3 cxd4
10.Bxd4 Ngf6 11.Re1 O-O 12.Bd3 Rc8 13.Qe2 Qc7 14.Rad1 Rfd8 15.Nb1 Nc5 16.e5 Nxd3
17.Rxd3 dxe5 18.Rc3 Qd7 19.Bxe5 Rxc3 20.Nxc3 Qc6 21.Rd1 Rxd1+ 22.Qxd1 Ne8
23.Bxg7 Kxg7  1/2-1/2

[Event "XIII Open"]
[Site "Castellar del Valles ESP"]
[Date "2004.07.20"]
[Round "7"]
[White "Ferron Garcia,C"]
[Black "Vidarte Morales,A"]
[Result "1/2-1/2"]
[WhiteElo "2314"]
[BlackElo "2367"]

1.e4 d6 2.d4 g6 3.Nc3 Bg7 4.Nge2 c6 5.Be3 b5 6.Qd2 Nd7 7.f3 Nb6 8.Ng3 a6
9.a4 b4 10.Nd1 a5 11.c3 bxc3 12.Nxc3 h5 13.Bd3 d5 14.Nge2 e6 15.O-O Ne7 16.Rfb1 Ba6
17.Bxa6 Rxa6 18.b3 Ra8 19.Kh1 Nd7 20.Rc1 Qb6 21.Rab1 O-O 22.Bh6 Rfd8 23.Bxg7 Kxg7
24.Qg5 f6 25.Qg3 Kf7 26.Rc2 Qb8 27.Qe1 Ra6 28.Qd2 Rb6 29.Nc1 e5 30.exd5 exd4
31.Qxd4 Ne5 32.Rd2 Nxd5 33.Nxd5 Rxd5 34.Qc3 Qd6 35.Rbb2 Rc5 36.Rxd6 Rxc3
37.Rd1 g5 38.Rbd2 c5 39.h4 gxh4 40.Nd3 Nxd3 41.Rxd3 Rbxb3 42.Rd7+ Kg6 43.Kh2 Rb2
44.Kh3 Rcc2 45.Rd8 Rb7 46.Ra8 Rg7 47.Rxa5 Kh6 48.Rg1 Kg5 49.Ra6 Kf5 50.Rc6 Ke5
51.a5 f5 52.a6 Kf4 53.Rc8 Rg3+ 54.Kh2  1/2-1/2

[Event "Open"]
[Site "Balatonlelle HUN"]
[Date "2004.07.21"]
[Round "3"]
[White "Vajda,S"]
[Black "Czebe,A"]
[Result "0-1"]
[WhiteElo "2355"]
[BlackElo "2481"]

1.e4 g6 2.d4 Bg7 3.Nc3 d6 4.Nf3 a6 5.a4 b6 6.Be2 Bb7 7.O-O e6 8.Be3 Nf6 9.Nd2 O-O
10.Bf3 Nc6 11.Nc4 d5 12.exd5 exd5 13.Ne5 Nxe5 14.dxe5 Ne4 15.Bxe4 dxe4 16.Qxd8 Raxd8
17.Bg5 Rde8 18.Bf6 Bxf6 19.exf6 Re6 20.Rad1 Rxf6 21.Rd7 Rc8 22.Rfd1 Kf8 23.Nd5 Bxd5
24.R1xd5 Rc6 25.Rd2 Re8 26.Kf1 Re7 27.Rd8+ Kg7 28.Ke2 Rc5 29.h4 Re6 30.R8d4 Rh5
31.g3 Rf5 32.Rd7 c6 33.R2d6 Rxd6 34.Rxd6 Rc5 35.c3 Rc4 36.Kd2 a5 37.b3 Rc5
38.c4 b5 39.Kc3 Rf5 40.Kd4 Rxf2 41.Kxe4 f5+ 42.Kd4 Rf3 43.Rxc6 b4 44.Ra6 Rxg3
45.Rxa5 Rxb3 46.Ra7+ Kh6 47.Rb7 f4 48.a5 f3 49.a6 Ra3 50.Rxb4 Rxa6 51.Ke3 Rf6
52.Rb1 Kh5 53.c5 f2 54.Rf1 Rf5 55.Rxf2 Rxc5 56.Rf4 Rc3+ 57.Kf2 Rh3  0-1

[Event "Open"]
[Site "Balatonlelle HUN"]
[Date "2004.07.22"]
[Round "4"]
[White "Balogh,E"]
[Black "Forgacs,J"]
[Result "0-1"]
[WhiteElo "2081"]
[BlackElo "2294"]

1.e4 g6 2.d4 Bg7 3.Nc3 d6 4.f4 a6 5.Nf3 b5 6.a3 Nd7 7.Be3 Bb7 8.e5 e6 9.Be2 Ne7
10.O-O Nb6 11.Nd2 Nbd5 12.Nxd5 Nxd5 13.Bf2 Nxf4 14.Bf3 Nd5 15.c4 bxc4 16.Nxc4 O-O
17.exd6 cxd6 18.Bg3 a5 19.Nxd6 Ba6 20.Rf2 Qb6 21.Be5 Rad8 22.Ne4 f6 23.Bg3 Ne3
24.Qe1 Rxd4 25.Kh1 f5 26.Nc3 f4 27.Re2 Bxe2 28.Qxe2 Nxg2 29.Bf2 Ne3 30.Nb5 Rd7
31.Rc1 Rfd8 32.Bc6 Rd1+  0-1

[Event "MTO"]
[Site "Biel SUI"]
[Date "2004.07.22"]
[Round "4"]
[White "Perruchoud,B"]
[Black "Paehtz,T sr"]
[Result "1/2-1/2"]
[WhiteElo "2185"]
[BlackElo "2427"]

1.e4 g6 2.d4 Bg7 3.Nc3 d6 4.Be3 a6 5.Qd2 Nd7 6.f4 b5 7.Bd3 c5 8.Nf3 Bb7 9.O-O c4
10.Be2 b4 11.Nd1 Bxe4 12.Bxc4 d5 13.Bd3 Bxd3 14.Qxd3 Ngf6 15.Ne5 O-O 16.c3 a5
17.cxb4 axb4 18.Nf2 Qb6 19.Rfc1 Rfc8 20.Rxc8+ Rxc8 21.Rc1 Rxc1+ 22.Bxc1 Nxe5
23.fxe5 Nd7 24.Be3 e6 25.Kf1 Bf8 26.Bg5 Qa5 27.Qb3 Qa6+ 28.Ke1 h6 29.Be3 Kh7
30.Ng4 h5 31.Nf2 Nb8 32.g4  1/2-1/2

[Event "ACT Open"]
[Site "Amsterdam NED"]
[Date "2004.07.23"]
[Round "7"]
[White "L'Ami,E"]
[Black "Buckley,Si"]
[Result "1-0"]
[WhiteElo "2486"]
[BlackElo "2314"]

1.d4 g6 2.e4 Bg7 3.Nc3 d6 4.Be3 a6 5.a4 b6 6.g3 Bb7 7.Bg2 e6 8.Nge2 Nd7 9.O-O Ne7
10.Qd2 h6 11.h3 Kf8 12.f4 Kg8 13.g4 Qc8 14.Rad1 f5 15.gxf5 gxf5 16.e5 Bxg2
17.Kxg2 d5 18.Kh2 Qe8 19.Rg1 Qf7 20.Rg2 Kh7 21.Rdg1 Rhg8 22.Ng3 Bf8 23.Qe2 c5
24.Nd1 Nc6 25.c3 Be7 26.Qf3 c4 27.Bf2 Na5 28.Ne3 Nb3 29.Ngxf5 exf5 30.Qxd5 Qxd5
31.Nxd5 Rxg2+ 32.Rxg2 Re8 33.Ne3 Nd2 34.Nxf5 Bf8 35.h4 b5 36.axb5 axb5 37.h5 Ne4
38.Bh4 b4 39.cxb4 c3 40.bxc3 Nxc3 41.Rg6 Nd5 42.e6 N7f6 43.e7 Bxe7 44.Rxh6+ Kg8
45.Nxe7+ Kf7 46.Bxf6 Nxf6 47.Nf5 Ng4+ 48.Kg3 Nxh6 49.Nd6+ Ke7 50.Nxe8 Kxe8
51.b5 Nf5+ 52.Kg4 Nxd4 53.b6 Kf7 54.b7 Nc6 55.Kg5 Kg7 56.f5 Kf7 57.h6 Kg8
58.f6  1-0

[Event "Open"]
[Site "Balatonlelle HUN"]
[Date "2004.07.23"]
[Round "5"]
[White "Hujbert,F"]
[Black "Kincs,I"]
[Result "0-1"]
[WhiteElo "2019"]
[BlackElo "2251"]

1.e4 d6 2.d4 g6 3.Nc3 Bg7 4.Be3 Nd7 5.f4 c6 6.Bd3 e5 7.dxe5 dxe5 8.f5 Bh6
9.Qd2 Bxe3 10.Qxe3 Qb6 11.Qxb6 axb6 12.Nf3 Nh6 13.O-O gxf5 14.exf5 f6 15.h3 Ke7
16.g4 Nf7 17.Ne4 Nc5 18.Nxc5 bxc5 19.Kf2 b5 20.Be4 Bb7 21.a4 Nd6 22.Rfe1 Ra5
23.axb5 Rxa1 24.Rxa1 Nxe4+ 25.Ke3 cxb5 26.Ra7 Nd6  0-1

[Event "ch-Montenegro"]
[Site "Bijelo Polje SCG"]
[Date "2004.07.23"]
[Round "8"]
[White "Kosic,D"]
[Black "Djukanovic,S"]
[Result "1-0"]
[WhiteElo "2519"]
[BlackElo "2347"]

1.d4 g6 2.e4 Bg7 3.Nc3 d6 4.Be3 a6 5.Qd2 b5 6.Bd3 Nd7 7.a4 b4 8.Nce2 Rb8
9.Nf3 Ngf6 10.Bh6 O-O 11.Ng3 e5 12.Bxg7 Kxg7 13.h4 Ng8 14.h5 Qe7 15.O-O-O Ndf6
16.dxe5 dxe5 17.Nh4 Rd8 18.Qg5 Kf8 19.hxg6 hxg6 20.Nhf5 Bxf5 21.exf5 Nd5
22.Qxe7+ Ngxe7 23.fxg6 Nxg6 24.Bxa6 c6 25.Bd3 Ngf4 26.Nf5 Kg8 27.g3 Nxd3+
28.Rxd3 e4 29.Rd4 Re8 30.Nd6 Re6 31.Nxe4  1-0

[Event "Skanska Open"]
[Site "Pardubice CZE"]
[Date "2004.07.23"]
[Round "1"]
[White "Jaracz,P"]
[Black "Nagibin,G"]
[Result "1/2-1/2"]
[WhiteElo "2536"]
[BlackElo "2296"]

1.d4 g6 2.e4 Bg7 3.Nc3 d6 4.Nf3 c6 5.h3 Nf6 6.Bf4 O-O 7.Qd2 b5 8.Bd3 a5 9.Bh6 b4
10.Ne2 Ba6 11.Ng3 Bxd3 12.cxd3 Nbd7 13.O-O e5 14.Bxg7 Kxg7 15.dxe5 Nxe5 16.Nh2 c5
17.d4 Nc6 18.dxc5 dxc5 19.Qg5 Nd4 20.Qxc5 Rc8 21.Qg5 h6 22.Qf4 Qb6 23.Rad1 Ne6
24.Qd2 Rfd8 25.Qe2 b3 26.axb3 Qxb3 27.Rxd8 Rxd8 28.Ng4 Nf4 29.Qa6 Nxg4 30.hxg4 Qxb2
31.Qxa5 Rd2 32.Qa1 Qxa1 33.Rxa1 Nd3 34.Rf1 Nf4 35.Re1 Kf6 36.Nf1 Ra2 37.Ne3 Ke5
38.Nc4+ Kd4 39.Nd6 f6 40.Rd1+ Ke5 41.Nc4+ Ke6 42.Rd6+ Ke7 43.Rd2 Rxd2 44.Nxd2 h5
45.gxh5 Nxh5 46.Kh2 f5 47.Kh3 Kf6 48.exf5 gxf5 49.g3 Ng7 50.f4 Ne6 51.Nf3 Nc5
52.Ng5 Nd3 53.Kg2 Kg6 54.Kf3 Kf6 55.Ke3 Nc1 56.Nf3 Nb3 57.Nh4 Nc5 58.Kd4 Nb3+
59.Ke3 Nc5 60.Ng2 Nb3 61.Kd3 Nc1+ 62.Kd2 Nb3+ 63.Kc3 Nc5 64.Kd4 Nb3+ 65.Kd5 Nc1
66.Ne3 Ne2 67.Nf1 Nc3+ 68.Kc4 Ne4 69.Kd4 Nf2 70.Ke3 Ng4+ 71.Ke2 Ke6 72.Ne3 Nf6
73.Kf3 Nd7 74.Nd1 Nf6 75.Nc3 Nd7 76.Ke3 Nf6 77.Kd4 Nh5 78.Ne2 Nf6 79.Kc5 Ne4+
80.Kc6 Nd2 81.Nd4+ Kf6 82.Kd5 Nf1 83.Ne2 Ne3+ 84.Kd6 Nf1 85.Kd7 Ne3 86.Ke8 Nf1
87.Kf8 Ne3 88.Kg8 Nf1 89.Kh7 Ne3 90.Kh6 Ng4+ 91.Kh5 Ne3  1/2-1/2

[Event "Skanska Open"]
[Site "Pardubice CZE"]
[Date "2004.07.23"]
[Round "1"]
[White "Mertens,Marc"]
[Black "Vokac,M"]
[Result "0-1"]
[WhiteElo "2270"]
[BlackElo "2483"]

1.e4 g6 2.d4 Bg7 3.Nc3 d6 4.Be3 a6 5.Qd2 Nd7 6.Bd3 b5 7.Nf3 Bb7 8.a3 c5 9.d5 Qc7
10.O-O Ngf6 11.Rfe1 O-O 12.Bh6 e6 13.Bxg7 Kxg7 14.dxe6 fxe6 15.e5 dxe5 16.Ng5 Qc6
17.f3 Rad8 18.Qf2 c4 19.Be4 Nxe4 20.Ngxe4 Nb6 21.Rad1 Rxd1 22.Rxd1 Nd5 23.Qh4 Rf4
24.Qd8 Rf8 25.Qh4 Qb6+ 26.Kh1 h6 27.Qe1 Rf7 28.Rd2 Qc7 29.Qf2 Kh7 30.Qh4 Qe7
31.Qg3 Nxc3 32.Nxc3 e4  0-1

[Event "Open"]
[Site "Balatonlelle HUN"]
[Date "2004.07.24"]
[Round "6"]
[White "Schneider,Ve"]
[Black "Baum,B"]
[Result "1-0"]
[WhiteElo "2212"]
[BlackElo "2231"]

1.e4 g6 2.d4 Bg7 3.Nc3 d6 4.Be3 c6 5.Qd2 Nd7 6.Nf3 Ngf6 7.Bh6 Bxh6 8.Qxh6 Qa5
9.O-O-O b5 10.e5 Nd5 11.Qg7 Rf8 12.Nxd5 cxd5 13.exd6 exd6 14.Re1+ Kd8 15.Kb1 Bb7
16.Bd3  1-0

[Event "Open"]
[Site "Balatonlelle HUN"]
[Date "2004.07.25"]
[Round "7"]
[White "Gara,T"]
[Black "Safyanovsky,M"]
[Result "1/2-1/2"]
[WhiteElo "2291"]
[BlackElo "2359"]

1.e4 g6 2.d4 Bg7 3.Nc3 d6 4.f4 a6 5.Be3 b5 6.a4 b4 7.Nce2 Nf6 8.Ng3 Bb7 9.Bd3 Nbd7
10.Nf3 O-O  1/2-1/2

[Event "Open"]
[Site "Balatonlelle HUN"]
[Date "2004.07.26"]
[Round "8"]
[White "Boros,K"]
[Black "Forgacs,J"]
[Result "1/2-1/2"]
[WhiteElo "2052"]
[BlackElo "2294"]

1.e4 g6 2.d4 Bg7 3.Nc3 d6 4.Be3 a6 5.Qd2 b5 6.a3 Bb7 7.f3 Nd7 8.Nge2 c5 9.g4 cxd4
10.Nxd4 Rc8 11.h4 h5 12.g5 Ne5 13.Be2 Nc4 14.Bxc4 Rxc4 15.Rf1 e6 16.f4 Rxc3
17.Qxc3  1/2-1/2

[Event "Politiken Cup"]
[Site "Copenhagen DEN"]
[Date "2004.07.26"]
[Round "4"]
[White "Greiff,H"]
[Black "Jakobsen,O"]
[Result "0-1"]
[WhiteElo "2253"]
[BlackElo "2379"]

1.e4 d6 2.d4 g6 3.Nc3 Bg7 4.Be3 a6 5.Qd2 b5 6.O-O-O Bb7 7.f3 Nd7 8.h4 h6
9.g4 c6 10.Kb1 Qc7 11.Nh3 Nb6 12.Qf2 b4 13.Ne2 Nc4 14.Bc1 c5 15.c3 bxc3 16.Nxc3 cxd4
17.Bxc4 Qxc4 18.Ne2 e5 19.b3 Qe6 20.Bb2 Ne7 21.Ng3 Nc6 22.h5 a5 23.hxg6 fxg6
24.f4 exf4 25.Nxf4 Qf7 26.Qd2 O-O 27.Rdf1 Ba6 28.Rf2 Qe8 29.Rfh2 Qe5 30.Nxg6 Qxg3
31.Qc1 Qd3+ 32.Ka1 Rf1  0-1

[Event "Mark Pinto IM"]
[Site "San Francisco USA"]
[Date "2004.07.26"]
[Round "6"]
[White "Aigner,M USA"]
[Black "Ganbold,O"]
[Result "1/2-1/2"]
[WhiteElo "2224"]
[BlackElo "2384"]

1.e4 d6 2.d4 g6 3.Nc3 Bg7 4.Nf3 Nf6 5.h3 O-O 6.Be3 e5 7.dxe5 dxe5 8.Qxd8 Rxd8
9.Bc4 Be6 10.Bxe6 fxe6 11.Nb5 Na6 12.Nd2 Ne8 13.c3 Nd6 14.a4 Bf8 15.b4 Nf7
16.Na3 Bh6 17.Bxh6 Nxh6 18.Ke2 Nf7 19.Rhd1 c6 20.Nac4 Kg7 21.h4 Kf6 22.g4 h6
23.Nb3 Rac8 24.Rxd8 Rxd8 25.f3 Nb8 26.a5 Na6 27.Rb1 g5 28.h5 Nd6 29.Rd1 Nf7
30.Rxd8 Nxd8 31.Nc1 Nb8 32.Nd3 Nd7 33.Kd2 Nf7 34.Kc2 Ke7 35.Kb3 b6 36.Na3 b5
37.a6 Nd6 38.c4 Kd8 39.cxb5 Nxb5 40.Nc2 Kc7 41.Nc5 Nxc5+ 42.bxc5 Kd7 43.Kc4 Kc7
44.Kd3 Kd7 45.Ne3 Na3 46.Nd1 Nb5 47.Nb2 Na3 48.Kd2 Nb5 49.Nd3 Nc7 50.Nxe5+ Ke8
51.Nxc6 Nxa6 52.Kc3 Nxc5 53.Nxa7 Nd7 54.Nc6 Kf7 55.Kd4 Kf6 56.e5+ Kf7 57.Nd8+ Ke7
58.Nb7 Nb6 59.Nd6 Nd7 60.Ne4 Kf7 61.Nf2 Ke7 62.Nh3 Nb8 63.f4 gxf4 64.Nxf4 Nc6+
65.Ke4 Kf7 66.Ng6 Na5 67.Kd4 Nb3+ 68.Kc4 Nd2+ 69.Kc5 Ne4+ 70.Kc6 Nf2 71.Kd6 Nxg4
72.Nf4 Ne3 73.Nxe6 Nc4+ 74.Kd5  1/2-1/2